| 000 | 01283nam a2200205Ia 4500 | ||
|---|---|---|---|
| 003 | Ost | ||
| 005 | 20260507075728.0 | ||
| 008 | 260507s9999||||xx |||||||||||||| ||und|| | ||
| 040 | _cfsecg | ||
| 041 | _aara | ||
| 082 | _a340 | ||
| 100 |
_aقاسم، محمد حسن _eمؤلف |
||
| 245 | 0 |
_aمبادىء القانون : _bالمدخل الى القانون - الالتزامات / _c محمد حسن قاسم |
|
| 260 |
_aالاسكندرية: _bدار الجامعة الجديدة, _c2003 |
||
| 300 |
_a488 صفحة؛ _c24 سم |
||
| 490 | _aالمكتبة القانونية | ||
| 520 | _aالقانون هو أداة المجتمع فى تحديد النطاق المشروع لتصرفات و علاقات و معاملات أفراده . و قسمت هذه الدراسة إلى جزئين : 1- المدخل إلى القانون . في القاعدة القانونية ، في الحق 2- الإلتزامات. العقد ، الارادة المنفردة ، العمل غير المشروع المسؤولية التقصسرية ، الاثراء بلا سبب أحكام الالتزام أثار الالتزام ،أوصاف الالتزام إنتقال الالتزام انقضاء الالتزام | ||
| 653 | _aالقانون | ||
| 942 | _cكتاب | ||
| 999 |
_c46007 _d46007 |
||